| 000 | 00534nam a22002057a 4500 | ||
|---|---|---|---|
| 999 |
_c6298 _d6298 |
||
| 003 | OSt | ||
| 005 | 20190904095038.0 | ||
| 008 | 190904b ||||| |||| 00| 0 eng d | ||
| 020 | _a0716722828 | ||
| 040 | _cDDC. | ||
| 082 | _a572.877REC 1992. | ||
| 100 |
_aWatson,D.James;[et....al] _912918 |
||
| 245 | _aRecombinant DNA; | ||
| 250 | _a2nd ed. | ||
| 260 |
_aNew York, _bScientific american Books. _c1992. |
||
| 300 |
_axiv,626p; _bcol,ill; _c27cm. |
||
| 504 | _aincludes index. | ||
| 650 |
_aBiology. _95602 |
||
| 942 |
_2ddc _cO_SHELF |
||